| 000 | 00668nam a2200181 a 4500 | ||
|---|---|---|---|
| 001 | BRCA_809 | ||
| 005 | 20190320203147.0 | ||
| 008 | 260508s2015----mx-a######---#000-0#spa-# | ||
| 041 | _aspa | ||
| 050 | 4 | _bN56 2015 | |
| 245 | 1 | 0 |
_aNimanis _bvoz letona en vidrio _ctraducción al español Alexandra Aiza. |
| 260 |
_aMéxico _bEmbajada de Letonia para México : Consulado Honorario de Letonia en México _c2015 |
||
| 300 |
_a54 p. _bil. a color _c22 cm. |
||
| 500 | _aCatálogo de la exposición realizada en el Museo Franz Mayer (Ciudad de México), 24 febrero - 12 abril, 2015 | ||
| 650 | 1 | 4 |
_aVidrio _zLetonia _92695 |
| 700 | 1 |
_aAiza, Alexandra _etr. _92696 |
|
| 942 |
_2lcc _cB |
||
| 999 |
_c704 _d704 |
||